00333nam a2200121Ia 4500008004100000041000800041082001400049100001800063245004500081260004400126300003000170365001100200240624s9999 xx 000 0 und d aeng a658.7 SOP aSOPLE VINOD V aBUSINESS PROCESS OUTSOURCING A SUPPLY CH c2009aNew DelhibPrentice-Hall of India axv, : 228 : p. : cm. ; 23 cRSb35